Multicultural and diversity education : a reference handbook

Αποθηκεύτηκε σε:
Λεπτομέρειες βιβλιογραφικής εγγραφής
Κύριος συγγραφέας: Appelbaum, Peter Michael
Μορφή: Βιβλίο
Γλώσσα:English
Δημοσίευση: Santa Barbara, California : ABC-CLIO, 2002
Σειρά:Contemporary education issues
Θέματα:
Ετικέτες: Προσθήκη ετικέτας
Δεν υπάρχουν, Καταχωρήστε ετικέτα πρώτοι!

MARC

LEADER 00000nam a2200000 i 4500
001 1/76302
008 050516s2002 eng d
020 |a 1-57607-264-9 
035 |l 10077944 
040 |a GR-MY-UA  |b gre  |e aacr 
041 0 |a eng 
082 0 |a 370.117  |2 (21) 
100 1 |a Appelbaum, Peter Michael. 
245 1 0 |a Multicultural and diversity education :  |b a reference handbook /  |c Peter Appelbaum 
260 |a Santa Barbara, California :   |b ABC-CLIO,   |c 2002 
300 |a XX, 191 σ.;  |c 24 εκ. 
490 1 |a Contemporary education issues 
504 |a Περιέχει ευρετήριο 
650 0 0 |a Multicultural education  |z United States  |x Handbooks, manuals, etc. 
650 0 0 |a Educational equalization  |z United States  |x Handbooks, manuals, etc. 
830 0 |a Contemporary education issues 
852 |a INST  |b LESVOS  |e 20050516  |h 370.117 APP  |p 005100029763  |q 005100029763  |t BK  |y 0 
901 |a BIBL1-2005-2 
909 |a Λ  |b 114994 
920 |a ΔΙΕΥΡΥΝΣΗ  |b ΕΠΕΑΕΚ-ΠΤΕ  |y ΛΕΣΒΟΣ  |z 2004-10 
970 |a ΜΑΡΙΝΑΤΟΥ  |b ΜΥΡΣΙΝΗ  |z 2005/05/16